FIFA World Cup 1970 Players II - Statistics

General Stats
  • This quiz has been taken 9 times
  • The average score is 42 of 275
Answer Stats
Hint Answer % Correct
ENG, 4 Bobby Moore
86%
BRA, 6/1 CARLOS ALBERTO Torres
86%
BRA, 6/4 Edson Arantes do Nascimento "PELE"
86%
ENG, 3/1 Geoff Hurst
86%
ENG, 3 Gordon Banks
86%
BRA, 6/7 Jair Ventura Filho "JAIRZINHO"
86%
ITA, 6/3 Luigi Riva
86%
ENG, 4 Bobby Charlton
71%
FRG, 5/1 Franz Beckenbauer
71%
FRG, 6/10 Gerd Müller
71%
ENG, 1 Jack Charlton
71%
BRA, 5/3 Roberto Rivellino "RIVELINO"
71%
FRG, 6/1 Wolfgang Overath
71%
FRG, 6 Berti Vogts
57%
ITA, 0(4)/2 Gianni Rivera
57%
FRG, 4 Horst-Dieter Höttges
57%
FRG, 1(4) Jürgen Grabowski
57%
FRG, 5/1 Karl-Heinz Schnellinger
57%
URU, 5/1 Luis Cubilla
57%
ENG, 4/1 Martin Peters
57%
ITA, 6/2 Roberto Boninsegna
57%
FRG, 5 Sepp Maier
57%
FRG, 6/3 Uwe Seeler
57%
ENG, 1/1 Allan Clarke
43%
ENG, 3 Brian Labone
43%
BRA, 6/2 Eduardo Goncalves de Andrade "TOSTAO"
43%
ENG, 3 Francis Lee
43%
ITA, 6 Giacinto Facchetti
43%
MEX, 1 Guillermo Hernandez
43%
FRG, 4(2) Hannes Löhr
43%
PER, 1 Jose Fernandez
43%
SLV, 3 Mauricio Rodriguez
43%
ENG, 0(1) Norman Hunter
43%
FRG, 2(1) Siggi Held
43%
PER, 4/5 Teofilo Cubillas
43%
FRG, 1(1) Wolfgang Weber
43%
ENG, 3(1) Alan Ball
29%
BRA, 6/1 CLODOALDO Tavares Santos
29%
ENG, 1(2) Colin Bell
29%
BRA, 6 FELIX Mieli Venerando
29%
BRA, 4/1 GERSON de Oliveira Nunes
29%
FRG, 1 Helmut Haller
29%
MEX, 1(1) Horacio Lopez Salgado
29%
MEX, 0(1) Isidoro Diaz
29%
PER, 1(1) Javier Gonzalez
29%
MEX, 3/1 Jose Luis Gonzalez
29%
ENG, 3 Keith Newton
29%
MEX, 4 Mario Perez
29%
BEL, 3 Paul Van Himst
29%
PER, 1 Pedro Gonzalez
29%
URU, 1 Pedro Rocha
29%
ENG, 1 Peter Bonetti
29%
ENG, 0(2) Peter Osgood
29%
FRG, 4(1)/1 Reinhard Libuda
29%
ITA, 6 Sandro Mazzola
29%
ENG, 4 Terry Cooper
29%
FRG, 2(1) Willi Schulz
29%
BRA, 6 Wilson da Silva PIAZZA
29%
MEX, 3 Aaron Padilla
14%
MOR, 2 Abdallah Lamrani
14%
MOR, 0(1) Abdelkader El Khiati
14%
MOR, 1(1) Ahmed Alaoui
14%
MOR, 0(2) Ahmed Faras
14%
ENG, 4/1 Alan Mullery
14%
PER, 4/2 Alberto Gallardo
14%
URU, 0(1) Alberto Gomez
14%
MOR, 2 Allal Ben Kassou
14%
MEX, 3(1) Antonio Munguia
14%
URU, 6 Atilio Ancheta
14%
FRG, 2(1) Bernd Patzke
14%
MOR, 3 Boujemaa Benkhrif
14%
URU, 3(1) Dagoberto Fontes
14%
ISR, 1(1) Dani Shmulevich-Rom
14%
ISR, 3 David Primo
14%
MOR, 3 Driss Bamous
14%
PER, 0(1) Eladio Reyes
14%
PER, 2 Eloy Campos
14%
MEX, 1(1) Enrique Borja
14%
BRA, 5 EVERALDO Marques da Silva
14%
SLV, 0(2) Genaro Sermeno
14%
ISR, 3 Giora Spiegel
14%
SLV, 1 Guillermo Castro
14%
MEX, 4/1 Gustavo Pena
14%
PER, 4/1 Hector Chumpitaz
14%
BRA, 6 Hercules BRITO Ruas
14%
PER, 2(2) Hugo Sotil
14%
MEX, 4 Ignacio Calderon
14%
URU, 6/1 Ildo Maneiro
14%
ISR, 3 Itzhak Shum
14%
ISR, 3 Itzhak Vissoker
14%
CZE, 2 Ivo Viktor
14%
SLV, 1 Jaime Portillo
14%
MOR, 1(1) Jalili Fadili
14%
MEX, 4/1 Javier Fragoso
14%
MEX, 4 Javier Guzman
14%
MEX, 4/2 Javier Valdivia
14%
ENG, 1(1) Jeff Astle
14%
BRA, 0(1) Jonas Eduardo Americo "EDU"
14%
SLV, 3 Jorge Vasquez
14%
SLV, 1 Jose Manzano
14%
SLV, 2 Jose Quintanilla
14%
MEX, 4 Jose Vantolra
14%
MEX, 0(2)/1 Juan Basaguren
14%
SLV, 2 Juan Martinez
14%
URU, 6/1 Juan Mujica
14%
PER, 2 Julio Baylon
14%
URU, 5(1) Julio Cesar Cortes
14%
URU, 3 Julio Cesar Morales
14%
URU, 6 Julio Montero Castillo
14%
FRG, 5 Klaus Fichtel
14%
URU, 6 Ladislao Mazurkiewicz
14%
PER, 0(2) Luis Cruzado
14%
PER, 4 Luis Rubinos
14%
URU, 6 Luis Ubina
14%
MOR, 3 Maouhoub Ghazouani
14%
SLV, 1(1) Mario Monge
14%
MEX, 1 Mario Velarde
14%
ISR, 1 Menachem Bello
14%
MOR, 3 Mohammed El Filali
14%
MOR, 1 Mohammed Hazzaz
14%
MOR, 2 Mohammed Houmane Jarir
14%
MOR, 3 Mohammed Mahroufi
14%
ISR, 3/1 Mordechai Spiegler
14%
MOR, 3 Moulay Khanousi
14%
MOR, 0(1) Mustapha Choukri
14%
PER, 4 Nicolas Fuentes
14%
PER, 3 Orlando de la Torre
14%
URU, 1(1) Oscar Zubia
14%
PER, 0(2) Oswaldo Ramirez
14%
SWE, 1(1)/1 Ove Grahn
14%
PER, 4 Pedro Pablo Leon
14%
PER, 4 Ramon Mifflin
14%
SLV, 3 Raul Magana
14%
PER, 4/1 Roberto Challe
14%
URU, 6 Roberto Matosas
14%
SLV, 3 Roberto Rivas
14%
URU, 0(1) Rodolfo Sandoval
14%
ISR, 0(1) Roni Shuruk
14%
SWE, 1 Ronnie Hellström
14%
URU, 1 Ruben Bareno
14%
MOR, 3 Said Ghandi
14%
SLV, 3 Salvador Cabezas
14%
SLV, 3 Salvador Mariona
14%
SLV, 1(1) Santiago Cortes
14%
SLV, 3 Saturnino Osorio
14%
SLV, 1(1) Sergio Mendez
14%
ISR, 3 Shmuel Rosenthal
14%
ISR, 2(1) Shraga Bar
14%
SWE, 1 Thomas Nordahl
14%
SWE, 3 Tommy Svensson
14%
URU, 3(3)/1 Victor Esparrago
14%
ISR, 3 Yehoshua Feigenbaum
14%
ISR, 3 Yishaayahy Schwager
14%
ISR, 1(1) Yochanan Vollach
14%
ISR, 3 Zvi Rosen
14%
URS, 4 Albert Shesternyov
0%
BUL, 2(1) Aleksandar Shalamanov
0%
CZE, 2 Alexander Horvath
0%
CZE, 1 Alexander Vencel
0%
ROM, 2(1)/1 Alexandru Neagu
0%
URS, 4/4 Anatoliy Byshovets
0%
URS, 1(1) Anatoliy Puzach
0%
CZE, 1(1) Andrej Kvasnak
0%
ITA, 6/1 Angelo Domenghini
0%
ITA, 0(1) Antonio Juliano
0%
URS, 4 Anzor Kavazashvili
0%
BUL, 2/1 Asparukh Nikodimov
0%
SWE, 2 Björn Nordqvist
0%
CZE, 1(1) Bohumil Vesely
0%
SWE, 3 Bo Larsson
0%
BUL, 1 Boris Gaganelov
0%
BEL, 3 Christian Piot
0%
SWE, 1 Claes Cronqvist
0%
ITA, 1 Communardo Niccolai
0%
ROM, 3 Cornel Dinu
0%
BUL, 1(1) Dimitar Marashliev
0%
BUL, 3 Dimitar Penev
0%
BUL, 2 Dimitar Yakimov
0%
BUL, 2/1 Dinko Dermendzhiev
0%
BUL, 2/1 Dobromir Zhechev
0%
ROM, 3/1 Emerich Dembrovschi
0%
ITA, 6 Enrico Albertosi
0%
SLV, 2(1) Ernesto Aparicio
0%
ITA, 0(1) Fabrizio Poletti
0%
ROM, 3/2 Florea Dumitrache
0%
CZE, 2(1) Frantisek Vesely
0%
URS, 3(1) Gennadiy Evryuzhikhin
0%
URS, 1(1) Gennadiy Logofet
0%
BEL, 3 Georges Heylens
0%
BUL, 2(1) Georgi Asparukhov
0%
BUL, 2 Georgi Popov
0%
ROM, 1(2) Gheorghe Tataru
0%
ITA, 6 Giancarlo De Sisti
0%
ITA, 0(1) Giuseppe Furino
0%
URS, 1 Givi Nodia
0%
SWE, 1(1) Göran Nicklasson
0%
SWE, 2 Hans Selander
0%
MEX, 3 Hector Pulido
0%
FRG, 1 Horst Wolter
0%
SWE, 0(1) Inge Ejderstedt
0%
ROM, 3 Ion Dumitru
0%
BUL, 1 Ivan Davidov
0%
BUL, 1(1) Ivan Dimitrov
0%
CZE, 1 Ivan Hrdlicka
0%
CZE, 1 Jan Capkovic
0%
SWE, 2 Jan Olsson
0%
CZE, 1 Jan Zlocha
0%
CZE, 1 Jaroslav Pollak
0%
BEL, 3 Jean Dockx
0%
BEL, 3 Jean Thissen
0%
BEL, 1(1) Johan Devrindt
0%
BRA, 1(1) Jose de Anchieta FONTANA
0%
CZE, 1 Josef Jurkanin
0%
CZE, 2(1) Jozef Adamec
0%
URU, 2 Julio Losada
0%
MOR, 3 Kacem Slimani
0%
URS, 3(1)/1 Kakhi Asatiani
0%
CZE, 3 Karol Dobias
0%
CZE, 2(1) Karol Jokl
0%
BUL, 2(1)/1 Khristo Bonev
0%
SWE, 3 Kurt Axelsson
0%
CZE, 3 Ladislav Kuna
0%
CZE, 3/2 Ladislav Petras
0%
ROM, 3 Lajos Satmareanu
0%
ROM, 0(1) Laszlo Gergely
0%
SWE, 2 Leif Eriksson
0%
BEL, 2 Leon Jeck
0%
BEL, 3 Leon Semmeling
0%
BRA, 1(1) MARCO ANTONIO Feliciano
0%
ITA, 6 Mario Bertini
0%
FRG, 0(1) Max Lorenz
0%
ROM, 3 Mihai Mocanu
0%
BUL, 2 Milko Gaydarski
0%
ROM, 3 Mircea Lucescu
0%
URS, 3 Murtaz Khurtsilava
0%
ROM, 0(1) Necula Raducanu
0%
ROM, 3 Nicolae Lupescu
0%
BEL, 3 Nicolas Dewalque
0%
URS, 1(2) Nikolay Kiselyov
0%
BEL, 1(1) Odilon Polleunis
0%
SWE, 2 Örjan Persson
0%
SWE, 3 Ove Kindvall
0%
BRA, 2(2) Paulo Cezar Lima "CAJU"
0%
BUL, 1 Petar Zhekov
0%
ITA, 6 Pierluigi Cera
0%
ISR, 1 Rachamin Talbi
0%
ROM, 3 Radu Nunweiler
0%
BEL, 2/2 Raoul Lambert
0%
URS, 3 Revaz Dzodzuashvili
0%
BRA, 0(2) ROBERTO Lopes Miranda
0%
ITA, 5(1) Roberto Rosato
0%
SWE, 3 Roland Grip
0%
ITA, 0(1) Sergio Gori
0%
BUL, 2 Simeon Simeonov
0%
BUL, 1 Stefan Aladzhov
0%
SWE, 0(1) Sten Pålsson
0%
ROM, 3 Stere Adamache
0%
BUL, 1 Stoyan Yordanov
0%
SWE, 2 Sven-Gunnar Larsson
0%
ITA, 6/1 Tarcisio Burgnich
0%
BUL, 2/1 Todor Kolev
0%
ENG, 1(1) Tommy Wright
0%
SWE, 1(1)/1 Tom Turesson
0%
CZE, 3 Vaclav Migas
0%
URS, 3 Valentin Afonin
0%
BUL, 1(1) Vasil Mitkov
0%
URS, 2 Viktor Serebryanikov
0%
URS, 3(1)/1 Vitaliy Khmelnitskiy
0%
CZE, 2 Vladimir Hagara
0%
CZE, 1 Vladimir Hrivnak
0%
URS, 3 Vladimir Kaplichnyi
0%
URS, 4 Vladimir Muntyan
0%
BEL, 3 Wilfried Puis
0%
BEL, 3/2 Wilfried Van Moer
0%
URS, 1(1) Yevgeniy Lovchev
0%
No matching quizzes found
Score Distribution
Percent of People with Each Score
Percentile by Number Answered
Your Score History
You have not taken this quiz